Statistics for Dermatology: Skin

Click here to take the quiz!

General Stats

  • This quiz has been taken 7 times
  • The average score is 5 of 7

Answer Stats

DescriptionAnswer% Correct
Layers of skinEpidermis
86%
Layers of skinDermis
71%
Produced by keratinocytesKeratin
71%
Produced by melanocytesMelanin
71%
Layers of skinHypodermis
57%
The opening to hair folliclesPores
57%
Inflammation of the skinDermatitis
43%

Score Distribution

Percentile by Number Answered

Percent of People with Each Score

Your Score History

You have not taken this quiz